| 000 | 00453nam a22001817a 4500 | ||
|---|---|---|---|
| 003 | MPLRDC | ||
| 005 | 20220104172956.0 | ||
| 008 | 210129b ||||| |||| 00| 0 eng d | ||
| 020 | _a978-0-7679-2471-9 | ||
| 082 | _a992.77 VIE | ||
| 100 | _aED VIESTURS WITH DAVID ROBERTS | ||
| 245 |
_aNO SHORTCUTS TO THE TOP _c |
||
| 250 | _a1ST ED. | ||
| 260 |
_aU.S.A. _bBROADWAY BOOKS _c2006 |
||
| 300 | _b372 | ||
| 650 | _aCLIMBING | ||
| 942 |
_cBK _o992.77 VIE |
||
| 999 |
_c59199 _d59189 |
||